| 000 | 00887nam a22002297a 4500 | ||
|---|---|---|---|
| 999 |
_c19056 _d19056 |
||
| 003 | AR-CdUCM | ||
| 008 | 190319b ||||| |||| 00| 0 spa d | ||
| 040 |
_aMUNICIPALIDAD PROVINCIAL DEL CUSCO _cBIBLIOTECA MUNICIPAL DEL CUSCO |
||
| 041 | _heng | ||
| 082 |
_a657 / _bC23 |
||
| 100 |
_aCalle Pacheco, Alvaro _940136 |
||
| 245 |
_aContabilidad superior : _btodos los resultados en una sola operación / |
||
| 260 |
_aLima : _bMonteza, _c1985. |
||
| 300 |
_a345 páginas ; _btablas, cuadros, _c22 cm. |
||
| 505 | _aContenido: Elementos de contabilidad -- Negocios individuales -- Kardex sincronizado al mayor -- Balance de liquidación -- Intereses al rebatir -- Asuntos tributarios... | ||
| 650 |
_aContabilidad _910543 |
||
| 650 |
_aOrganización _94866 |
||
| 650 |
_aSociedades _92772 |
||
| 650 |
_aPreguntas y respuestas _919463 |
||
| 942 |
_2ddc _cLIBROS |
||
| 945 |
_awnts _d2019-05-16 |
||